Loading...
Indian thought : an introduction /
| Format: | Printed Book |
|---|---|
| Language: | English |
| Published: |
Delhi :
Wiley Eastern,
1977.
|
| Subjects: |
| LEADER | 00474nam a22001337a 4500 | ||
|---|---|---|---|
| 008 | 160517s1977 ii ||||| |||| 00| 0 eng d | ||
| 082 | |a 181.4 | ||
| 245 | |a Indian thought : |c edited by Donald H. Bishop |b an introduction / | ||
| 260 | |a Delhi : |b Wiley Eastern, |c 1977. | ||
| 300 | |a 427 p. ; | ||
| 653 | |a Philosophy, Indic | ||
| 942 | |c BK | ||
| 999 | |c 277745 |d 277745 | ||
| 952 | |0 1 |1 0 |2 ddc |4 0 |6 181_400000000000000_IND |7 0 |9 312375 |a PHL |b PHL |c ST1 |d 2016-05-17 |i 892 |l 0 |o 181.4 IND |p PHL892 |r 2016-05-17 |y BK | ||